000 01539nam2a2200313 4500
001 RU\NLR\BIBL_A\012233143
005 20250806200748.0
035 _a(NLR Aleph) 012233143
090 _a65237
_c65237
100 _a20250806 rusy50
101 0 _arus
102 _aRU
135 _acrgn 008anaba
200 0 _a1942, ненум. вып. (26 марта)
210 _d1942
325 1 _aКопия доступна в электронной библиотеке РНБ
461 0 _1001RU\NLR\BIBL_A\010696288
_12001#$aЗа социалистический порядок$eоднодневная газета исполкома райсовета депутатов трудящихся РК ВКП (б) Ленинского района г. Ленинграда$v1942, ненум. вып. (26 марта)
852 _aNLR
_jОдн1942/4
856 0 _uhttp://vivaldi.nlr.ru/pn000150834/view
856 1 _uhttp://vivaldi.nlr.ru/pn000150834/cover
856 2 _uhttp://vivaldi.nlr.ru/pn000150834/text
901 _eГазеты
942 _cISSNP
945 _aРоссийская национальная библиотека
980 _aNB
980 _aBV
981 3 7 _a(37) Ленинград в Великой Отечественной войне
_b(37) Газеты блокадного Ленинграда
981 2 7 _a(27) Периодические издания
_b(27) Газеты